| 000 | 00616nam a22001937a 4500 | ||
|---|---|---|---|
| 005 | 20150408162301.0 | ||
| 010 | _aBAC-CH25 | ||
| 020 |
_a9789350331316 _c275.00 |
||
| 035 | _aB-548729-765 | ||
| 035 | _aG-003410 | ||
| 037 |
_aDPL _bBookwell/vendor |
||
| 037 | _bReceived from DB Act Children Books | ||
| 082 | _a883 | ||
| 245 | _aMy first picture dictionary/ | ||
| 260 |
_bMaple Press _c2014 _aNoida |
||
| 300 |
_a104p. _bcol. photos _c28cm.(pbk) |
||
| 942 |
_2ddc _cCH _mFIR _h883 |
||
| 999 |
_c86931 _d86931 |
||